| 000 | 00809pam a2200265 a 4500 | ||
|---|---|---|---|
| 001 | 2805646 | ||
| 003 | NUST - PNEC | ||
| 005 | 20170116181057.0 | ||
| 008 | 820707s1983 nyua 001 0 eng | ||
| 010 | _a 82013377 | ||
| 020 |
_a0471096466 : _c$25.95 (est.) |
||
| 040 | _cLIBRARY | ||
| 050 | 0 | 0 |
_aTK7888.3 _b.N37 1983 |
| 082 | 0 | 0 | _a621.3819 NAS |
| 100 | 1 | _aNashelsky, Louis. | |
| 245 | 1 | 0 |
_aIntroduction to digital technology / _cLouis Nashelsky. |
| 250 | _a3rd ed. | ||
| 260 |
_aNew York : _bWiley, _cc1983. |
||
| 300 |
_aviii, 536 p. : _bill. ; _c25 cm. |
||
| 500 | _aRev. ed. of: Introduction to digital computer technology. 2nd ed. c1977. | ||
| 500 | _aIncludes index. | ||
| 650 |
_aDigital technology _912124 _xMIS |
||
| 906 |
_a7 _bcbc _corignew _d1 _eocip _f19 _gy-gencatlg |
||
| 942 |
_2ddc _cBK |
||
| 999 |
_c68598 _d68598 |
||